[Event "Cracovia 2023 Open A"]
[Site "Krakow"]
[Date "2024.01.04"]
[Round "9.1"]
[White "Keinanen, Toivo"]
[Black "Gumularz, Szymon"]
[Result "1/2-1/2"]
[BlackElo "2576"]
[WhiteElo "2522"]
[LiveChessVersion "1.4.8"]

1. d4 {[%clk 1:27:12]} Nf6 {[%clk 1:27:48]} 2. c4 {[%clk 1:27:36]} e6
{[%clk 1:28:14]} 3. g3 {[%clk 1:28:02]} d5 {[%clk 1:28:06]} 4. Bg2
{[%clk 1:28:28]} Bb4+ {[%clk 1:28:28]} 5. Bd2 {[%clk 1:28:37]} Be7
{[%clk 1:28:52]} 6. Nf3 {[%clk 1:29:00]} O-O {[%clk 1:29:08]} 7. O-O
{[%clk 1:29:08]} c6 {[%clk 1:26:07]} 8. Qc2 {[%clk 1:29:00]} Nbd7
{[%clk 1:26:28]} 9. Rd1 {[%clk 1:28:51]} a5 {[%clk 1:26:32]} 10. Bf4
{[%clk 1:29:07]} h6 {[%clk 1:26:44]} 11. Ne5 {[%clk 1:28:05]} a4 {[%clk 1:27:00]}
12. Nc3 {[%clk 1:19:42]} a3 {[%clk 1:27:22]} 13. b3 {[%clk 1:19:15]} g5
{[%clk 1:27:47]} 14. Nxd7 {[%clk 1:12:54]} Nxd7 {[%clk 1:26:43]} 15. Be3
{[%clk 1:02:56]} f5 {[%clk 1:26:45]} 16. f3 {[%clk 1:03:09]} Nf6 {[%clk 1:14:18]}
17. Bf2 {[%clk 0:59:53]} Qe8 {[%clk 1:14:43]} 18. h3 {[%clk 0:54:25]} f4
{[%clk 0:57:12]} 19. g4 {[%clk 0:50:26]} b5 {[%clk 0:57:22]} 20. c5
{[%clk 0:44:58]} Nd7 {[%clk 0:47:27]} 21. e4 {[%clk 0:43:26]} fxe3
{[%clk 0:47:15]} 22. Bxe3 {[%clk 0:43:23]} e5 {[%clk 0:46:04]} 23. Ne2
{[%clk 0:37:04]} exd4 {[%clk 0:28:59]} 24. Bxd4 {[%clk 0:30:22]} Bf6
{[%clk 0:29:25]} 25. Re1 {[%clk 0:29:17]} Ne5 {[%clk 0:26:14]} 26. Kh1
{[%clk 0:17:51]} Qg6 {[%clk 0:25:55]} 27. Qxg6+ {[%clk 0:12:38]} Nxg6
{[%clk 0:26:22]} 28. Bxf6 {[%clk 0:11:15]} Rxf6 {[%clk 0:26:42]} 29. Nd4
{[%clk 0:10:53]} Bd7 {[%clk 0:25:42]} 30. Re3 {[%clk 0:09:17]} Rf4
{[%clk 0:21:29]} 31. Rd1 {[%clk 0:07:32]} Re8 {[%clk 0:21:44]} 32. Rxe8+
{[%clk 0:07:20]} Bxe8 {[%clk 0:22:12]} 33. Nc2 {[%clk 0:05:09]} b4
{[%clk 0:12:36]} 34. Kg1 {[%clk 0:04:27]} Ne5 {[%clk 0:07:17]} 35. Nd4
{[%clk 0:00:57]} Bg6 {[%clk 0:06:18]} 36. Kf2 {[%clk 0:00:57]} Rf6
{[%clk 0:01:49]} 37. Ke3 {[%clk 0:00:48]} Kf7 {[%clk 0:02:15]} 38. Bf1
{[%clk 0:01:02]} Ke7 {[%clk 0:02:28]} 39. Be2 {[%clk 0:01:12]} Kd7
{[%clk 0:01:22]} 40. Rh1 {[%clk 0:30:34]} Rf8 {[%clk 0:31:06]} 41. h4
{[%clk 0:17:53]} Re8 {[%clk 0:28:46]} 42. Kd2 {[%clk 0:17:22]} Ra8
{[%clk 0:29:01]} 43. Ke3 {[%clk 0:15:25]} Rf8 {[%clk 0:27:04]} 44. h5
{[%clk 0:14:06]} Bh7 {[%clk 0:26:55]} 45. Rf1 {[%clk 0:13:29]} Rf4
{[%clk 0:27:00]} 46. Rd1 {[%clk 0:13:40]} Kc8 {[%clk 0:25:37]} 47. Ba6+
{[%clk 0:13:09]} Kb8 {[%clk 0:25:27]} 48. Be2 {[%clk 0:13:37]} Kb7
{[%clk 0:25:37]} 49. Rg1 {[%clk 0:13:23]} Rf8 {[%clk 0:21:20]} 50. Rc1
{[%clk 0:13:01]} Re8 {[%clk 0:20:54]} 51. Kd2 {[%clk 0:13:24]} Kc7
{[%clk 0:21:07]} 52. Rf1 {[%clk 0:12:40]} Kd7 {[%clk 0:20:50]} 53. Rc1
{[%clk 0:11:02]} Rf8 {[%clk 0:21:08]} 54. Ke3 {[%clk 0:10:52]} Rf4
{[%clk 0:21:34]} 55. Rg1 {[%clk 0:10:44]} Nf7 {[%clk 0:21:50]} 56. Re1
{[%clk 0:07:29]} Nd8 {[%clk 0:17:00]} 57. Bd3 {[%clk 0:07:03]} Bxd3
{[%clk 0:17:22]} 58. Kxd3 {[%clk 0:07:29]} Rf6 {[%clk 0:17:49]} 59. Nf5
{[%clk 0:06:20]} Ne6 {[%clk 0:18:05]} 60. Kc2 {[%clk 0:03:28]} Kd8
{[%clk 0:18:20]} 61. Kd3 {[%clk 0:02:31]} Ke8 {[%clk 0:11:30]} 62. Kc2
{[%clk 0:00:37]} Kf8 {[%clk 0:11:42]} 63. Rd1 {[%clk 0:00:36]} Nxc5
{[%clk 0:11:45]} 64. Rd4 {[%clk 0:01:01]} Re6 {[%clk 0:10:36]} 65. Rxb4
{[%clk 0:00:57]} Re2+ {[%clk 0:11:01]} 66. Kc3 {[%clk 0:01:15]} Rxa2
{[%clk 0:10:11]} 67. Rb8+ {[%clk 0:00:53]} Kf7 {[%clk 0:10:38]} 68. Ra8
{[%clk 0:00:34]} Ra1 {[%clk 0:10:43]} 69. Nxh6+ {[%clk 0:00:38]} Ke6
{[%clk 0:08:52]} 70. Nf5 {[%clk 0:00:43]} Rc1+ {[%clk 0:09:14]} 71. Kd2
{[%clk 0:00:53]} Nxb3+ {[%clk 0:09:40]} 72. Kd3 {[%clk 0:00:32]} c5
{[%clk 0:09:38]} 73. h6 {[%clk 0:00:31]} c4+ {[%clk 0:09:42]} 74. Ke3
{[%clk 0:00:36]} Rh1 {[%clk 0:06:53]} 75. Rxa3 {[%clk 0:00:49]} Ke5
{[%clk 0:01:24]} 76. Ra8 {[%clk 0:01:01]} d4+ {[%clk 0:01:50]} 77. Nxd4
{[%clk 0:00:48]} Nxd4 {[%clk 0:00:43]} 78. Ra5+ {[%clk 0:01:13]} Kf6
{[%clk 0:01:01]} 79. Kxd4 {[%clk 0:01:40]} Kg6 {[%clk 0:01:12]} 80. Ra6+ Kh7
{[%clk 0:01:38]} 81. Kxc4 {[%clk 0:01:27]} Rd1 {[%clk 0:01:35]} 82. Rf6
{[%clk 0:01:07]} Rd2 {[%clk 0:01:57]} 83. Kc5 {[%clk 0:01:17]} Rd1
{[%clk 0:01:38]} 84. Kc6 {[%clk 0:01:06]} Rd3 {[%clk 0:01:52]} 85. Kc7
{[%clk 0:01:30]} Rd1 {[%clk 0:01:59]} 86. Kc8 {[%clk 0:01:41]} Rd3
{[%clk 0:02:11]} 87. Kc7 {[%clk 0:02:10]} Rd1 {[%clk 0:02:36]} 88. Kc6
{[%clk 0:02:34]} Rd3 {[%clk 0:02:42]} 89. Kc5 {[%clk 0:01:28]} Rd1
{[%clk 0:02:51]} 90. Kc4 {[%clk 0:01:27]} Rd2 {[%clk 0:03:09]} 91. Kc3
{[%clk 0:01:37]} Rd1 {[%clk 0:03:29]} 92. Kc2 {[%clk 0:01:05]} Rd8
{[%clk 0:02:44]} 93. Re6 {[%clk 0:00:36]} Rf8 {[%clk 0:02:49]} 94. Re3
{[%clk 0:01:03]} Kxh6 {[%clk 0:03:10]} 95. Kd3 {[%clk 0:01:33]} Rd8+
{[%clk 0:03:05]} 96. Ke2 {[%clk 0:01:59]} Rd6 {[%clk 0:03:20]} 97. Re8
{[%clk 0:02:16]} Ra6 {[%clk 0:03:22]} 98. Ke3 {[%clk 0:02:30]} Kg6
{[%clk 0:03:40]} 99. Rg8+ {[%clk 0:01:57]} Kf6 {[%clk 0:04:04]} 100. Rd8
{[%clk 0:02:19]} Kg6 {[%clk 0:03:28]} 101. Rd5 {[%clk 0:02:02]} Re6+
{[%clk 0:02:31]} 102. Kd4 {[%clk 0:02:22]} Rf6 {[%clk 0:02:39]} 103. Ke4
{[%clk 0:02:39]} Re6+ {[%clk 0:02:51]} 104. Re5 {[%clk 0:03:04]} Ra6
{[%clk 0:03:16]} 105. Rc5 {[%clk 0:02:53]} Re6+ {[%clk 0:02:38]} 106. Kd4
{[%clk 0:02:05]} Rf6 {[%clk 0:01:46]} 107. Rc3 {[%clk 0:02:31]} Rf4+
{[%clk 0:01:59]} 108. Ke3 {[%clk 0:02:59]} Rf6 {[%clk 0:02:16]} 109. Ke4
{[%clk 0:02:32]} Rf4+ {[%clk 0:02:42]} 110. Ke3 {[%clk 0:02:37]} Rf6
{[%clk 0:03:08]} 111. Rc4 {[%clk 0:02:59]} Re6+ {[%clk 0:03:23]} 112. Re4
{[%clk 0:02:58]} Ra6 {[%clk 0:03:44]} 113. Kd4 {[%clk 0:03:02]} Rd6+
{[%clk 0:02:55]} 114. Ke5 {[%clk 0:03:07]} Rd3 {[%clk 0:02:49]} 115. f4
{[%clk 0:03:27]} gxf4 {[%clk 0:03:15]} 116. Kxf4 {[%clk 0:03:53]} Rd6
{[%clk 0:03:34]} 117. Ke5 {[%clk 0:04:05]} Ra6 {[%clk 0:03:58]} 118. Rd4
{[%clk 0:04:34]} Kg5 {[%clk 0:04:22]} 119. Rd6 {[%clk 0:05:02]} Rxd6
{[%clk 0:04:49]} 120. Kxd6 {[%clk 0:05:28]} Kxg4 {[%clk 0:05:16]} 1/2-1/2

[Event "Cracovia 2023 Open A"]
[Site "Krakow"]
[Date "2024.01.04"]
[Round "9.3"]
[White "Bogdanov, Egor"]
[Black "Janik, Igor"]
[Result "1-0"]
[BlackElo "2514"]
[WhiteElo "2394"]
[LiveChessVersion "1.4.8"]

1. e4 {[%clk 1:30:59]} c5 {[%clk 1:30:24]} 2. Nf3 {[%clk 1:30:11]} Nc6
{[%clk 1:30:43]} 3. c3 {[%clk 1:27:49]} Nf6 {[%clk 1:31:01]} 4. e5
{[%clk 1:28:14]} Nd5 {[%clk 1:31:29]} 5. d4 {[%clk 1:28:32]} cxd4
{[%clk 1:31:53]} 6. Bc4 {[%clk 1:23:39]} Nb6 {[%clk 1:31:53]} 7. Bb3
{[%clk 1:24:02]} d5 {[%clk 1:32:08]} 8. exd6 {[%clk 1:24:21]} Qxd6
{[%clk 1:32:31]} 9. O-O {[%clk 1:24:20]} Be6 {[%clk 1:32:28]} 10. Na3
{[%clk 1:23:14]} Bxb3 {[%clk 1:14:38]} 11. Qxb3 {[%clk 1:12:14]} Qd7
{[%clk 1:02:08]} 12. Rd1 {[%clk 0:51:28]} e6 {[%clk 0:40:57]} 13. Nxd4
{[%clk 0:50:19]} Nxd4 {[%clk 0:37:50]} 14. Rxd4 {[%clk 0:50:37]} Qc6
{[%clk 0:38:15]} 15. Nc4 {[%clk 0:49:50]} Bc5 {[%clk 0:36:11]} 16. Ne5
{[%clk 0:47:35]} Qc8 {[%clk 0:33:54]} 17. Qb5+ {[%clk 0:47:14]} Ke7
{[%clk 0:32:39]} 18. Rg4 {[%clk 0:42:46]} Kf8 {[%clk 0:28:37]} 19. Be3
{[%clk 0:35:38]} Bxe3 {[%clk 0:27:31]} 20. fxe3 {[%clk 0:36:06]} Qc7
{[%clk 0:24:53]} 21. Rf1 {[%clk 0:29:32]} f6 {[%clk 0:22:24]} 22. Nc4
{[%clk 0:21:24]} Nd5 {[%clk 0:18:28]} 23. e4 {[%clk 0:20:31]} a6 {[%clk 0:17:09]}
24. Qb3 {[%clk 0:20:14]} h5 {[%clk 0:16:26]} 25. Rg3 {[%clk 0:16:19]} Nf4
{[%clk 0:16:31]} 26. Rgf3 {[%clk 0:11:46]} e5 {[%clk 0:16:06]} 27. g3
{[%clk 0:09:06]} Nh3+ {[%clk 0:15:57]} 28. Kg2 {[%clk 0:09:19]} Ng5
{[%clk 0:16:23]} 29. Rf5 {[%clk 0:08:43]} Nf7 {[%clk 0:16:09]} 30. Nb6
{[%clk 0:07:15]} Rd8 {[%clk 0:10:44]} 31. Nd5 {[%clk 0:07:44]} Qc6
{[%clk 0:11:09]} 32. Qb4+ {[%clk 0:05:56]} Qd6 {[%clk 0:09:23]} 33. Qc4
{[%clk 0:05:19]} Rh6 {[%clk 0:08:08]} 34. h4 {[%clk 0:04:37]} Qc6
{[%clk 0:06:31]} 35. Qe2 {[%clk 0:04:28]} Rd6 {[%clk 0:06:42]} 36. Rxh5
{[%clk 0:03:39]} Rxh5 {[%clk 0:07:04]} 37. Qxh5 {[%clk 0:04:08]} Qc4
{[%clk 0:07:17]} 38. Qf5 {[%clk 0:03:48]} Nh6 {[%clk 0:06:15]} 39. Qf3
{[%clk 0:03:01]} Qxa2 {[%clk 0:05:34]} 40. g4 {[%clk 0:32:04]} Qxb2+
{[%clk 0:33:47]} 41. Rf2 {[%clk 0:30:55]} Qb5 {[%clk 0:32:45]} 42. g5
{[%clk 0:30:34]} Ng8 {[%clk 0:32:34]} 43. h5 {[%clk 0:28:21]} Qe8
{[%clk 0:26:38]} 44. c4 {[%clk 0:21:07]} Qe6 {[%clk 0:22:25]} 45. h6
{[%clk 0:17:52]} gxh6 {[%clk 0:22:44]} 46. gxf6 {[%clk 0:15:50]} Rd7
{[%clk 0:20:20]} 47. Qa3+ {[%clk 0:13:36]} Ke8 {[%clk 0:19:16]} 48. Qg3
{[%clk 0:13:06]} Kf8 {[%clk 0:18:57]} 49. Rf5 {[%clk 0:11:16]} Qc6
{[%clk 0:15:40]} 50. Qxe5 {[%clk 0:08:36]} a5 {[%clk 0:09:58]} 51. Rf3
{[%clk 0:05:22]} a4 {[%clk 0:08:52]} 52. Rg3 Qd6 53. f7 {[%clk 0:04:21]} 1-0

[Event "Cracovia 2023 Open A"]
[Site "Krakow"]
[Date "2024.01.04"]
[Round "9.4"]
[White "Puranik, Abhimanyu"]
[Black "Aakash Sharadchandra, Dalvi"]
[Result "1-0"]
[BlackElo "2130"]
[WhiteElo "2627"]
[LiveChessVersion "1.4.8"]

1. c4 {[%clk 1:30:58]} e6 {[%clk 1:21:44]} 2. Nc3 {[%clk 1:31:17]} d5
{[%clk 1:22:09]} 3. d4 {[%clk 1:31:32]} a6 {[%clk 1:22:23]} 4. cxd5
{[%clk 1:30:52]} exd5 {[%clk 1:22:50]} 5. Bf4 {[%clk 1:31:04]} Nf6
{[%clk 1:22:50]} 6. e3 {[%clk 1:31:19]} Bd6 {[%clk 1:21:54]} 7. Bg5
{[%clk 1:29:16]} c6 {[%clk 1:20:21]} 8. Bd3 {[%clk 1:29:20]} Nbd7
{[%clk 1:17:50]} 9. Nf3 {[%clk 1:25:46]} h6 {[%clk 1:16:31]} 10. Bf4
{[%clk 1:21:11]} Qe7 {[%clk 1:08:09]} 11. O-O {[%clk 1:20:30]} O-O
{[%clk 1:08:29]} 12. Qc2 {[%clk 1:19:24]} Re8 {[%clk 1:07:31]} 13. Rac1
{[%clk 1:15:22]} Nf8 {[%clk 0:57:29]} 14. Bxd6 {[%clk 1:11:44]} Qxd6
{[%clk 0:57:56]} 15. Na4 {[%clk 1:11:00]} Be6 {[%clk 0:46:13]} 16. Nc5
{[%clk 1:08:54]} Re7 {[%clk 0:46:30]} 17. h3 {[%clk 1:06:16]} Rae8
{[%clk 0:45:16]} 18. b4 {[%clk 0:59:54]} Bc8 {[%clk 0:43:02]} 19. a4
{[%clk 1:00:09]} N8d7 {[%clk 0:34:07]} 20. b5 {[%clk 0:58:31]} cxb5
{[%clk 0:31:29]} 21. axb5 {[%clk 0:56:57]} a5 {[%clk 0:31:41]} 22. Nxd7
{[%clk 0:57:19]} Nxd7 {[%clk 0:31:33]} 23. Qa2 {[%clk 0:51:45]} b6
{[%clk 0:29:12]} 24. Rc6 {[%clk 0:51:55]} Qb8 {[%clk 0:29:34]} 25. Qxd5
{[%clk 0:41:22]} Bb7 {[%clk 0:29:03]} 26. Qb3 {[%clk 0:40:07]} Bxc6
{[%clk 0:27:45]} 27. bxc6 {[%clk 0:40:33]} Nf6 {[%clk 0:27:12]} 28. Ne5
{[%clk 0:40:15]} Qc7 {[%clk 0:23:32]} 29. Rb1 {[%clk 0:37:18]} Rb8
{[%clk 0:23:10]} 30. Qb5 {[%clk 0:36:04]} Qd8 {[%clk 0:15:27]} 31. Bc4
{[%clk 0:34:38]} Ne8 {[%clk 0:14:15]} 32. Ba2 {[%clk 0:30:49]} Nd6
{[%clk 0:13:40]} 33. Qd5 {[%clk 0:30:51]} b5 {[%clk 0:12:42]} 34. e4
{[%clk 0:25:46]} Qc7 {[%clk 0:11:22]} 35. Nd7 {[%clk 0:20:43]} Rc8
{[%clk 0:08:44]} 36. Nb6 {[%clk 0:15:37]} Qxb6 {[%clk 0:05:00]} 37. Qxd6
{[%clk 0:16:04]} Rxe4 {[%clk 0:05:22]} 38. Bxf7+ {[%clk 0:16:04]} Kh8
{[%clk 0:05:38]} 39. d5 {[%clk 0:12:40]} Re2 {[%clk 0:05:06]} 40. Qf4
{[%clk 0:34:36]} b4 {[%clk 0:30:33]} 41. Bh5 {[%clk 0:31:01]} Ra2
{[%clk 0:23:17]} 42. Bg4 {[%clk 0:28:52]} Ra8 {[%clk 0:21:39]} 43. Re1
{[%clk 0:19:09]} Qc5 {[%clk 0:09:21]} 44. c7 {[%clk 0:17:50]} b3 {[%clk 0:06:22]}
45. d6 {[%clk 0:16:52]} 1-0

[Event "Cracovia 2023 Open A"]
[Site "Krakow"]
[Date "2024.01.04"]
[Round "9.5"]
[White "Polak, Tomas"]
[Black "Podolskyi, Mykhailo"]
[Result "1-0"]
[BlackElo "2177"]
[WhiteElo "2517"]
[LiveChessVersion "1.4.8"]

1. Nf3 {[%clk 1:29:26]} d5 {[%clk 1:30:47]} 2. c4 {[%clk 1:29:49]} c6
{[%clk 1:31:05]} 3. e3 {[%clk 1:30:11]} Nf6 {[%clk 1:30:56]} 4. Nc3
{[%clk 1:30:32]} e6 {[%clk 1:30:10]} 5. b3 {[%clk 1:30:52]} Nbd7 {[%clk 1:30:18]}
6. Bb2 {[%clk 1:31:13]} Bd6 {[%clk 1:29:17]} 7. Qc2 {[%clk 1:31:33]} O-O
{[%clk 1:28:29]} 8. Rg1 {[%clk 1:31:47]} e5 {[%clk 1:00:15]} 9. cxd5
{[%clk 1:31:47]} Nxd5 {[%clk 1:00:24]} 10. Ne4 {[%clk 1:32:03]} Bc7
{[%clk 0:58:42]} 11. g4 {[%clk 1:32:23]} Re8 {[%clk 0:54:51]} 12. g5
{[%clk 1:28:15]} Nf8 {[%clk 0:51:51]} 13. h4 {[%clk 1:28:25]} Bf5
{[%clk 0:42:26]} 14. h5 {[%clk 1:28:17]} Ne6 {[%clk 0:36:03]} 15. Nh4
{[%clk 1:18:49]} Bxe4 {[%clk 0:29:42]} 16. Qxe4 {[%clk 1:19:05]} Nxg5
{[%clk 0:29:46]} 17. Qg2 {[%clk 0:57:55]} h6 {[%clk 0:29:04]} 18. Nf3
{[%clk 0:58:10]} Nb4 {[%clk 0:17:15]} 19. Kd1 {[%clk 0:51:20]} f6
{[%clk 0:14:19]} 20. Nxg5 {[%clk 0:40:00]} fxg5 {[%clk 0:14:47]} 21. Qe4
{[%clk 0:40:03]} Nd5 {[%clk 0:15:00]} 22. Kc2 {[%clk 0:40:06]} Qe7
{[%clk 0:11:50]} 23. Bc4 {[%clk 0:37:22]} Rad8 {[%clk 0:11:36]} 24. Rad1
{[%clk 0:37:40]} Kh8 {[%clk 0:07:52]} 25. Kb1 {[%clk 0:33:28]} Rf8
{[%clk 0:06:59]} 26. f3 {[%clk 0:32:20]} Nf6 {[%clk 0:06:03]} 27. Qc2
{[%clk 0:26:34]} Qe8 {[%clk 0:05:20]} 28. Rh1 {[%clk 0:22:56]} a5
{[%clk 0:04:20]} 29. Bd3 {[%clk 0:20:34]} Nd5 {[%clk 0:03:47]} 30. Bg6
{[%clk 0:20:21]} Qd7 {[%clk 0:03:28]} 31. Qe4 {[%clk 0:16:25]} Ne7
{[%clk 0:01:33]} 32. d4 {[%clk 0:16:19]} Nxg6 {[%clk 0:00:48]} 33. hxg6
{[%clk 0:16:40]} Qd5 {[%clk 0:01:07]} 34. Qxd5 {[%clk 0:08:34]} cxd5
{[%clk 0:00:45]} 35. dxe5 {[%clk 0:08:58]} Rxf3 {[%clk 0:00:37]} 36. e6
{[%clk 0:08:53]} Kg8 {[%clk 0:00:55]} 37. e4 {[%clk 0:09:14]} dxe4
{[%clk 0:00:39]} 38. e7 {[%clk 0:01:24]} Re8 {[%clk 0:00:38]} 39. Rd7
{[%clk 0:01:46]} Bb6 {[%clk 0:00:33]} 40. Rhd1 {[%clk 0:31:44]} Rd3
{[%clk 0:30:33]} 41. Rd2 {[%clk 0:27:44]} Rxd7 {[%clk 0:31:02]} 42. Rxd7
{[%clk 0:27:51]} 1-0

[Event "Cracovia 2023 Open A"]
[Site "Krakow"]
[Date "2024.01.04"]
[Round "9.39"]
[White "Warchol, Kamil"]
[Black "Janzelj, Tim"]
[Result "0-1"]
[BlackElo "2441"]
[WhiteElo "2108"]
[LiveChessVersion "1.4.8"]

1. e4 {[%clk 1:30:57]} d6 {[%clk 1:27:14]} 2. d4 {[%clk 1:31:22]} Nf6
{[%clk 1:27:40]} 3. Nc3 {[%clk 1:31:32]} e5 {[%clk 1:28:03]} 4. Nf3
{[%clk 1:31:53]} Nbd7 {[%clk 1:28:27]} 5. Bc4 {[%clk 1:32:05]} Be7
{[%clk 1:28:52]} 6. O-O {[%clk 1:32:08]} O-O {[%clk 1:29:07]} 7. Re1
{[%clk 1:32:21]} c6 {[%clk 1:29:30]} 8. a4 {[%clk 1:32:29]} h6 {[%clk 1:29:36]}
9. b3 {[%clk 1:32:22]} Re8 {[%clk 1:29:41]} 10. h3 {[%clk 1:28:26]} Qc7
{[%clk 1:29:56]} 11. Bb2 {[%clk 1:25:43]} Nf8 {[%clk 1:27:53]} 12. Nh4
{[%clk 1:19:44]} Be6 {[%clk 1:24:17]} 13. Bxe6 {[%clk 1:04:28]} Nxe6
{[%clk 1:24:43]} 14. Nf5 {[%clk 1:02:38]} Bf8 {[%clk 1:23:56]} 15. d5
{[%clk 0:49:26]} Nf4 {[%clk 1:22:35]} 16. Kh2 {[%clk 0:45:09]} g6
{[%clk 1:19:49]} 17. Ne3 {[%clk 0:41:54]} Qd7 {[%clk 1:18:55]} 18. Qf3
{[%clk 0:36:59]} Rac8 {[%clk 1:16:02]} 19. Rac1 {[%clk 0:36:10]} h5
{[%clk 1:07:47]} 20. Ne2 {[%clk 0:32:47]} Bh6 {[%clk 1:08:02]} 21. Nxf4
{[%clk 0:31:46]} Bxf4+ {[%clk 1:08:25]} 22. g3 {[%clk 0:31:06]} Bg5
{[%clk 1:08:52]} 23. c4 {[%clk 0:25:33]} h4 {[%clk 1:05:32]} 24. Rcd1
{[%clk 0:23:47]} c5 {[%clk 1:04:18]} 25. Ng2 {[%clk 0:20:06]} hxg3+
{[%clk 1:04:05]} 26. Qxg3 {[%clk 0:12:48]} Bc1 {[%clk 1:01:23]} 27. Rxc1
{[%clk 0:12:39]} Kg7 {[%clk 1:01:47]} 28. f4 {[%clk 0:09:52]} Nh5
{[%clk 0:58:08]} 29. Qf3 {[%clk 0:07:15]} Nxf4 {[%clk 0:58:28]} 30. Nxf4
{[%clk 0:07:30]} exf4 {[%clk 0:58:56]} 31. Qxf4+ {[%clk 0:07:13]} Re5
{[%clk 0:59:24]} 32. Rc3 {[%clk 0:05:57]} Qe7 {[%clk 0:58:08]} 33. Rf3
{[%clk 0:04:49]} Rf8 {[%clk 0:56:10]} 34. Ree3 {[%clk 0:04:47]} Rh8
{[%clk 0:54:52]} 35. Rg3 {[%clk 0:03:19]} Re8 {[%clk 0:52:36]} 36. Rgf3
{[%clk 0:03:02]} Rh5 {[%clk 0:50:50]} 37. Rg3+ {[%clk 0:02:01]} Qe5
{[%clk 0:50:02]} 38. Qxe5+ {[%clk 0:01:30]} Rhxe5 {[%clk 0:50:30]} 39. Rg4
{[%clk 0:31:39]} f5 {[%clk 1:20:42]} 40. Rg2 {[%clk 0:30:18]} f4 {[%clk 1:20:51]}
41. Rf3 {[%clk 0:30:30]} Rxe4 {[%clk 1:21:09]} 42. Rgf2+ {[%clk 0:30:16]} Rf8
{[%clk 1:18:33]} 43. h4+ {[%clk 0:29:13]} Kh6 {[%clk 1:19:01]} 44. Kh3
{[%clk 0:29:31]} Kh5 {[%clk 1:19:30]} 45. Rg2 {[%clk 0:28:55]} Rf5
{[%clk 1:19:59]} 46. Rg4 {[%clk 0:28:59]} b6 {[%clk 1:20:28]} 47. Rg2
{[%clk 0:28:54]} Re3 {[%clk 1:20:27]} 48. Rgf2 {[%clk 0:27:36]} Rfe5
{[%clk 1:19:42]} 49. Kg2 {[%clk 0:27:46]} g5 {[%clk 1:19:06]} 50. hxg5
{[%clk 0:27:18]} Rxg5+ {[%clk 1:19:34]} 51. Kh3 {[%clk 0:27:06]} Rg3+
{[%clk 1:19:29]} 52. Rxg3 {[%clk 0:27:31]} Rxg3+ {[%clk 1:19:57]} 53. Kh2
{[%clk 0:27:56]} Kg4 {[%clk 1:20:22]} 54. Re2 {[%clk 0:28:04]} Rxb3
{[%clk 1:14:51]} 55. Re6 {[%clk 0:28:18]} Ra3 {[%clk 1:14:08]} 56. Rxd6
{[%clk 0:28:39]} Rxa4 {[%clk 1:14:34]} 57. Rd8 {[%clk 0:28:35]} Rxc4
{[%clk 1:14:58]} 58. d6 {[%clk 0:29:02]} Rc2+ {[%clk 1:15:16]} 59. Kg1
{[%clk 0:29:22]} Kf5 {[%clk 1:15:08]} 0-1

[Event "Cracovia 2023 Open A"]
[Site "Krakow"]
[Date "2024.01.04"]
[Round "9.41"]
[White "Mirski, Stanislaw"]
[Black "Katsanis, Vasileios Dim"]
[Result "1/2-1/2"]
[BlackElo "2133"]
[WhiteElo "2187"]
[LiveChessVersion "1.4.8"]

1. d4 {[%clk 1:29:18]} d5 {[%clk 1:30:55]} 2. Nf3 {[%clk 1:29:45]} Nf6
{[%clk 1:31:22]} 3. g3 {[%clk 1:30:11]} e6 {[%clk 1:31:40]} 4. Bg2
{[%clk 1:30:37]} Be7 {[%clk 1:32:03]} 5. O-O {[%clk 1:31:02]} O-O
{[%clk 1:32:31]} 6. c4 {[%clk 1:31:28]} dxc4 {[%clk 1:32:58]} 7. Qc2
{[%clk 1:31:47]} a6 {[%clk 1:33:23]} 8. a4 {[%clk 1:32:07]} Bd7 {[%clk 1:33:50]}
9. Qxc4 {[%clk 1:31:56]} Bc6 {[%clk 1:34:16]} 10. Bg5 {[%clk 1:28:37]} Bd5
{[%clk 1:34:11]} 11. Qc2 {[%clk 1:28:16]} Be4 {[%clk 1:34:01]} 12. Qc1
{[%clk 1:28:25]} h6 {[%clk 1:33:55]} 13. Bxf6 {[%clk 1:26:55]} Bxf6
{[%clk 1:34:23]} 14. Nc3 {[%clk 1:27:18]} Bxf3 {[%clk 1:34:28]} 15. Bxf3
{[%clk 1:27:46]} c6 {[%clk 1:34:43]} 16. Rd1 {[%clk 1:25:48]} a5 {[%clk 1:28:53]}
17. Ne4 {[%clk 1:05:51]} Be7 {[%clk 1:23:22]} 18. e3 {[%clk 1:05:45]} Na6
{[%clk 1:23:42]} 19. Nd2 {[%clk 1:05:57]} Qc7 {[%clk 1:21:50]} 20. Qc4 Nb4
{[%clk 1:21:13]} 21. Rac1 {[%clk 1:00:36]} Rad8 {[%clk 1:19:55]} 22. Qb3
{[%clk 0:50:20]} Rd7 {[%clk 1:10:53]} 23. Nc4 {[%clk 0:50:22]} Bf6
{[%clk 1:10:55]} 24. Na3 {[%clk 0:34:46]} Rfd8 {[%clk 1:04:42]} 25. Kg2
{[%clk 0:21:01]} e5 {[%clk 0:56:02]} 26. Bg4 {[%clk 0:13:21]} Rd5
{[%clk 0:56:04]} 27. Nb5 {[%clk 0:11:15]} Qe7 {[%clk 0:53:58]} 28. Nc3
{[%clk 0:10:50]} R5d6 {[%clk 0:53:13]} 29. Ne4 {[%clk 0:10:33]} Rd5
{[%clk 0:48:10]} 30. Nc3 {[%clk 0:10:58]} R5d6 {[%clk 0:47:42]} 31. Ne4
{[%clk 0:11:23]} Rd5 {[%clk 0:45:18]} 32. Nc3 {[%clk 0:11:46]} 1/2-1/2